000 00749nam a2200289Ia 4500
005 20260324150351.0
008 008 260324s9999 xx 000 0 eng d
020 _a9780429054754
037 _aEBOOK
040 _aCRL
040 _beng
040 _cCRL
041 _2eng
041 _aeng
084 _qCRL
100 _aJoseph Thompson
_91226169
245 0 _aTo The Central African Lakes and Back
245 4 _bThe Narrative of The Royal Geographical Society's East Central Expedition 1878-80, Volume 1
260 _bTaylor and Francis
260 _c1968
365 _a
365 _b180
856 _uhttp://www.taylorfrancis.com/books/9780429054754
942 _cEBOOK
999 _c1835506
_d1835506